00784nas a2200241Ia 4500001001200000003001000012008004100022040002500063041001300088100001700101210002100118222002100139245008400160250001100244260000900255501012300264300001400387362001700401500004000418650003500458700002300493700002600516dg75-34231 IT-MiCISF161014c99999999xx |||||||||||| ||und|| aIT-MiCISFcIT-MiCISF aITALIANO aBraida Vanda aFatebenefratelli aFatebenefratelli 0aBurnout e carta d'identità€ dell'ordine: uno studio sulle professioni di aiuto a1a ed. c2001 bCISF - Centro Internazionale Studi Famiglia - Via Giotto, 36 20145 MILANO (non commercial uses only)cCopyright 2016 app. 38-41 a n. 4 [2001] a Tema: operatori-sanitari, burn-out aservizi alla personavarticolo a Boero Maria Elena a Zorzella Laura Maria